Whose city? : (Record no. 59749)
[ view plain ]
| 000 -LEADER | |
|---|---|
| fixed length control field | 00983nam a2200289 a 4500 |
| 001 - CONTROL NUMBER | |
| control field | 59749 |
| 003 - CONTROL NUMBER IDENTIFIER | |
| rucl marc code | BD-RjUL |
| 005 - DATE AND TIME OF LATEST TRANSACTION | |
| control field | 20211209080750.0 |
| 008 - FIXED-LENGTH DATA ELEMENTS--GENERAL INFORMATION | |
| fixed length control field | 161227s1975 enkb b 000 0 eng |
| 020 ## - INTERNATIONAL STANDARD BOOK NUMBER | |
| International Standard Book Number | 0140806342 |
| 035 ## - SYSTEM CONTROL NUMBER | |
| System control number | (BD-RjUL) 59873 |
| 040 ## - CATALOGING SOURCE | |
| Original cataloging agency | DLC |
| Transcribing agency | DLC |
| Modifying agency | m.c. |
| -- | UKM |
| -- | ZCU |
| -- | BD-RjUL |
| Language of cataloging | eng |
| 041 ## - LANGUAGE CODE | |
| Language code of text/sound track or separate title | eng |
| 082 ## - DEWEY DECIMAL CLASSIFICATION NUMBER | |
| Classification number | 307.76 |
| Edition number | 23 |
| Author mark and year | PAW 1975 |
| 100 1# - MAIN ENTRY--PERSONAL NAME | |
| Personal name | Pahl, R. E. |
| Fuller form of name | (Raymond Edward), |
| Dates associated with a name | 1935- |
| 9 (RLIN) | 177784 |
| 245 10 - TITLE STATEMENT | |
| Title | Whose city? : |
| Remainder of title | And further essays on urban society / |
| Statement of responsibility, etc. | R. E. Pahl. |
| 250 ## - EDITION STATEMENT | |
| Edition statement | 2d ed. |
| 260 ## - PUBLICATION, DISTRIBUTION, ETC. (IMPRINT) | |
| Place of publication, distribution, etc. | Harmondsworth ; |
| -- | Baltimore : |
| Name of publisher, distributor, etc. | Penguin, |
| Date of publication, distribution, etc. | c1975. |
| 300 ## - PHYSICAL DESCRIPTION | |
| Pagination | xii, 306 p. : |
| Illustrations | ill. ; |
| Size | 19 cm. |
| 490 1# - SERIES STATEMENT | |
| Series statement | Penguin Education |
| 504 ## - BIBLIOGRAPHY, ETC. NOTE | |
| Bibliography, etc | Includes bibliographical references. |
| 650 #0 - SUBJECT ADDED ENTRY--TOPICAL TERM | |
| Topical term or geographic name as entry element | City planning |
| Geographic subdivision | Great Britain. |
| 9 (RLIN) | 177235 |
| 651 #0 - SUBJECT ADDED ENTRY--GEOGRAPHIC NAME | |
| Geographic name | Great Britain |
| General subdivision | Social conditions |
| Chronological subdivision | 1945- |
| 9 (RLIN) | 177785 |
| 653 ## - INDEX TERM--UNCONTROLLED | |
| Uncontrolled term | Urban regions |
| -- | Social aspects Study regions: South-east England. Essays |
| 830 #0 - SERIES ADDED ENTRY--UNIFORM TITLE | |
| Uniform title | Penguin Education. |
| 942 ## - ADDED ENTRY ELEMENTS (KOHA) | |
| Source of classification or shelving scheme | Dewey Decimal Classification |
| Koha item type | Books |
| Lost status | Source of classification or shelving scheme | Damaged status | Not for loan | Collection code | Permanent Location | Current Location | Shelving location | Date acquired | Source of acquisition | Cost, normal purchase price | Total Checkouts | Full call number | Date last seen | Copy number | Koha item type |
|---|---|---|---|---|---|---|---|---|---|---|---|---|---|---|---|
| Dewey Decimal Classification | Not For Loan | Non-fiction | Central Library, University of Rajshahi | Central Library, University of Rajshahi | Reading Room | 11/03/1980 | Heffer | 1.25 | 307.76 PAW 1975 | 27/12/2016 | C-1 | Books |